Statistics for Country Creation Puzzle #1

Click here to take the quiz!

General Stats

  • This quiz has been taken 250 times
    (170 since last reset)
  • The average score is 7 of 10

Answer Stats

Country% Correct
Ghana
92%
Nepal
80%
Italy
78%
China
77%
Gabon
70%
Spain
68%
Benin
67%
Tonga
66%
Sudan
57%
Samoa
51%

Score Distribution

Percentile by Number Answered

Percent of People with Each Score

Your Score History

You have not taken this quiz since the last reset